[Event "Moscow Open 2018 F"]
[Site "?"]
[Date "2018.01.28"]
[Round "3.11"]
[White "Zakhartsov, Vladimir"]
[Black "Tishova, Svetlana"]
[Result "1-0"]
[BlackElo "2136"]
[WhiteElo "2472"]
[LiveChessVersion "1.4.8"]

1. c4 {[%clk 1:28:33]} e5 {[%clk 1:30:48]} 2. Nc3 {[%clk 1:28:50]} Nc6
{[%clk 1:31:11]} 3. g3 {[%clk 1:29:02]} f5 {[%clk 1:31:21]} 4. Bg2
{[%clk 1:29:24]} Nf6 {[%clk 1:31:45]} 5. e3 {[%clk 1:29:44]} d6 {[%clk 1:27:24]}
6. d4 {[%clk 1:29:25]} g6 {[%clk 1:27:06]} 7. b4 {[%clk 1:27:28]} a6
{[%clk 1:21:37]} 8. Nge2 {[%clk 1:26:35]} Bg7 {[%clk 1:21:10]} 9. O-O
{[%clk 1:25:00]} O-O {[%clk 1:20:46]} 10. Rb1 {[%clk 1:24:47]} Qe8
{[%clk 1:17:54]} 11. c5 {[%clk 1:22:31]} e4 {[%clk 1:04:14]} 12. b5
{[%clk 1:22:32]} Ne7 {[%clk 1:03:08]} 13. b6 {[%clk 1:19:50]} dxc5
{[%clk 0:53:36]} 14. bxc7 {[%clk 1:20:11]} Qc6 {[%clk 0:45:03]} 15. Ba3
{[%clk 1:19:28]} Qxc7 {[%clk 0:39:51]} 16. Bxc5 {[%clk 1:19:45]} Be6
{[%clk 0:39:20]} 17. Rb6 {[%clk 1:19:40]} Bc4 {[%clk 0:38:15]} 18. Qb1
{[%clk 1:19:40]} Rfb8 {[%clk 0:18:41]} 19. Bd6 {[%clk 1:19:26]} Qd7
{[%clk 0:19:01]} 20. Bxb8 {[%clk 1:19:18]} Rxb8 {[%clk 0:19:27]} 21. Rc1
{[%clk 1:19:03]} Nc8 {[%clk 0:19:32]} 22. Rb4 {[%clk 1:18:44]} Nd6
{[%clk 0:18:36]} 23. Bf1 {[%clk 1:17:07]} a5 {[%clk 0:14:54]} 24. Rb6
{[%clk 1:15:12]} Nc8 {[%clk 0:11:45]} 25. Rxf6 {[%clk 1:13:54]} Bxf6
{[%clk 0:11:42]} 26. Nxe4 {[%clk 1:14:19]} fxe4 {[%clk 0:11:39]} 27. Rxc4
{[%clk 1:14:45]} Nd6 {[%clk 0:09:45]} 28. Rc5 {[%clk 1:15:05]} b6
{[%clk 0:09:09]} 29. Rxa5 {[%clk 1:13:04]} bxa5 {[%clk 0:08:04]} 30. Qxb8+
{[%clk 1:13:30]} Kg7 {[%clk 0:08:31]} 31. Nc3 {[%clk 1:12:25]} Qc6
{[%clk 0:07:02]} 32. Qa7+ {[%clk 1:12:48]} Nb7 {[%clk 0:07:26]} 33. Qa6
{[%clk 1:12:41]} Qxc3 {[%clk 0:06:25]} 34. Qxb7+ {[%clk 1:13:06]} Kh6
{[%clk 0:06:52]} 35. Qxe4 {[%clk 1:13:28]} Qa1 {[%clk 0:07:07]} 36. Qe6
{[%clk 1:13:46]} 1-0

[Event "Moscow Open 2018 F"]
[Site "?"]
[Date "2018.01.28"]
[Round "3.12"]
[White "Pavlova, Natalia"]
[Black "Vasilyev, Vasily"]
[Result "0-1"]
[BlackElo "2299"]
[WhiteElo "1944"]
[LiveChessVersion "1.4.8"]

1. e4 Nf6 2. e5 Nd5 3. d4 d6 4. Nf3 Bg4 5. Be2 c6 6. c4 Nb6 7. Ng5 Bxe2 8. Qxe2
h6 9. Ne4 dxe5 10. dxe5 e6 11. Be3 N8d7 12. f4 Bb4+ 13. Nbd2 O-O 14. O-O f5 15.
Nd6 Qc7 16. Nb3 Na4 17. Rad1 Rfd8 18. a3 Bc5 19. Bxc5 Naxc5 20. Nd4 Nf8 21. g4 g6
22. Qg2 Kh7 23. b4 Na4 24. Rd3 Nb6 25. Kh1 fxg4 26. Qxg4 Rxd6 27. exd6 Qxd6 28.
Rfd1 Nxc4 29. Nf3 Qe7 30. Ne5 Nxe5 31. fxe5 Qg7 32. Qe4 Re8 33. Rd6 Re7 34. Rf1
Nd7 35. Re1 a6 36. a4 h5 37. Qd4 Qf7 38. Qe3 Qf5 39. Rd4 Rf7 40. Rdd1 Kg7 41. Re2
Nb6 42. Rg1 Nd5 43. Qg3 Nf4 44. Re3 Kh6 45. h4 Nd5 46. Rb3 Qe4+ 47. Kh2 Kg7 48.
b5 axb5 49. axb5 Rf4 50. Kh3 Rg4 51. Qf2 Rf4 52. Qe1 Qf5+ 53. Kh2 Qc2+ 0-1

[Event "Moscow Open 2018 F"]
[Site "?"]
[Date "2018.01.28"]
[Round "3.13"]
[White "Ustich, Ekaterina"]
[Black "Yakovlev, Egor"]
[Result "0-1"]
[BlackElo "2232"]
[WhiteElo "2022"]
[LiveChessVersion "1.4.8"]

1. e4 c5 2. Nf3 d6 3. d4 Nf6 4. Nc3 cxd4 5. Nxd4 a6 6. Be2 e6 7. a4 Qc7 8. O-O b6
9. Be3 Bb7 10. f3 Nbd7 11. Qd2 Rc8 12. Rfd1 Be7 13. Nb3 O-O 14. Bf1 Rfd8 15. Qf2
Nc5 16. Qg3 Ncd7 17. Rd2 Ne5 18. a5 bxa5 19. Nxa5 Rb8 20. Ba7 Ra8 21. Qf2 Ned7
22. Bd4 Bc8 23. Nc4 Rb8 24. b3 Rb4 25. Na2 Rb8 26. Nc3 Rb4 27. Na2 Rb8 28. Nc3 d5
29. exd5 exd5 30. Ne3 0-1

[Event "Moscow Open 2018 F"]
[Site "?"]
[Date "2018.01.28"]
[Round "3.14"]
[White "Badalyan, Shavarsh"]
[Black "Pischasov, Alexander"]
[Result "1-0"]
[BlackElo "1855"]
[WhiteElo "2172"]
[LiveChessVersion "1.4.8"]

1. d4 {[%clk 1:29:49]} Nf6 {[%clk 1:29:53]} 2. c4 {[%clk 1:30:04]} g6
{[%clk 1:30:19]} 3. Nc3 {[%clk 1:30:19]} Bg7 {[%clk 1:30:43]} 4. e4
{[%clk 1:30:39]} d6 {[%clk 1:31:10]} 5. f4 {[%clk 1:31:02]} O-O {[%clk 1:31:26]}
6. Nf3 {[%clk 1:31:26]} c5 {[%clk 1:31:31]} 7. dxc5 {[%clk 1:31:49]} dxc5
{[%clk 1:31:23]} 8. Qxd8 {[%clk 1:32:01]} Rxd8 {[%clk 1:31:50]} 9. e5
{[%clk 1:32:22]} Ne8 {[%clk 1:31:10]} 10. Be3 {[%clk 1:31:56]} b6
{[%clk 1:28:40]} 11. Be2 {[%clk 1:30:46]} Nc6 {[%clk 1:28:29]} 12. Kf2
{[%clk 1:26:49]} f6 {[%clk 1:24:55]} 13. exf6 {[%clk 1:24:46]} Nxf6
{[%clk 1:23:49]} 14. h3 {[%clk 1:24:53]} Bf5 {[%clk 1:19:30]} 15. Rad1
{[%clk 1:19:25]} Bc2 {[%clk 1:12:06]} 16. Rd2 {[%clk 1:11:59]} Rxd2
{[%clk 1:12:10]} 17. Nxd2 {[%clk 1:11:43]} Rd8 {[%clk 1:01:34]} 18. Rc1
{[%clk 1:07:59]} Nb4 {[%clk 0:52:03]} 19. Kg1 {[%clk 0:55:40]} Bd3
{[%clk 0:51:20]} 20. a3 {[%clk 0:54:06]} Nc2 {[%clk 0:42:55]} 21. Kf2
{[%clk 0:54:17]} Nxe3 {[%clk 0:42:36]} 22. Kxe3 {[%clk 0:54:39]} Bxe2
{[%clk 0:43:00]} 23. Nxe2 {[%clk 0:54:19]} Nh5 {[%clk 0:41:07]} 24. g4
{[%clk 0:53:19]} Nxf4 {[%clk 0:38:44]} 25. Nxf4 {[%clk 0:53:04]} Bh6
{[%clk 0:35:42]} 26. Nf3 {[%clk 0:52:22]} e5 {[%clk 0:27:01]} 27. Nxe5
{[%clk 0:52:46]} Bxf4+ {[%clk 0:25:13]} 28. Kxf4 {[%clk 0:53:10]} Rd2
{[%clk 0:25:37]} 29. b4 {[%clk 0:52:56]} Rd4+ {[%clk 0:21:50]} 30. Ke3
{[%clk 0:53:16]} h5 {[%clk 0:21:31]} 31. bxc5 {[%clk 0:52:57]} bxc5
{[%clk 0:21:59]} 32. gxh5 Rh4 33. hxg6 Rxh3+ 34. Ke4 Rxa3 35. Kd5 Re3 36. Ra1 1-0

[Event "Moscow Open 2018 F"]
[Site "?"]
[Date "2018.01.28"]
[Round "3.15"]
[White "Jaiswal, Rupesh"]
[Black "Sivtsev, Gavril"]
[Result "0-1"]
[BlackElo "1940"]
[WhiteElo "2152"]
[LiveChessVersion "1.4.8"]

1. d4 {[%clk 1:30:58]} Nf6 {[%clk 1:30:54]} 2. Nf3 {[%clk 1:31:25]} d5
{[%clk 1:31:19]} 3. Bf4 {[%clk 1:31:49]} Bf5 {[%clk 1:31:01]} 4. c4
{[%clk 1:31:39]} c6 {[%clk 1:30:59]} 5. Qb3 {[%clk 1:30:04]} Qb6 {[%clk 1:26:57]}
6. c5 {[%clk 1:29:36]} Qxb3 {[%clk 1:24:14]} 7. axb3 {[%clk 1:30:05]} Na6
{[%clk 1:18:08]} 8. Na3 {[%clk 1:30:25]} Nb4 {[%clk 1:18:09]} 9. Bd2
{[%clk 1:30:37]} Na6 {[%clk 1:17:10]} 10. b4 {[%clk 1:21:06]} Nc7
{[%clk 1:07:10]} 11. Bf4 {[%clk 1:03:49]} Ne6 {[%clk 1:05:22]} 12. Be5
{[%clk 1:03:35]} a6 {[%clk 1:00:30]} 13. e3 {[%clk 0:58:04]} Nd7 {[%clk 0:43:41]}
14. Bg3 {[%clk 0:53:57]} g5 {[%clk 0:39:28]} 15. h3 {[%clk 0:46:02]} Bg7
{[%clk 0:38:37]} 16. Nb1 {[%clk 0:35:57]} O-O {[%clk 0:37:49]} 17. Nbd2
{[%clk 0:34:13]} Rac8 {[%clk 0:32:56]} 18. Nb3 {[%clk 0:31:14]} Nd8
{[%clk 0:32:18]} 19. Nxg5 {[%clk 0:28:29]} e5 {[%clk 0:32:28]} 20. Nf3
{[%clk 0:24:59]} Re8 {[%clk 0:31:10]} 21. Kd2 {[%clk 0:21:51]} f6
{[%clk 0:25:11]} 22. Be2 {[%clk 0:19:21]} Re7 {[%clk 0:23:46]} 23. Nh4
{[%clk 0:18:02]} Bg6 {[%clk 0:19:22]} 24. Bg4 {[%clk 0:18:02]} Ne6
{[%clk 0:19:34]} 25. Nf5 {[%clk 0:16:22]} Bxf5 {[%clk 0:19:32]} 26. Bxf5
{[%clk 0:16:50]} Rce8 {[%clk 0:17:06]} 27. Rhe1 {[%clk 0:15:37]} Bh6
{[%clk 0:15:18]} 28. Bxe6+ {[%clk 0:13:31]} Rxe6 {[%clk 0:15:44]} 29. Kc3
{[%clk 0:13:01]} R8e7 {[%clk 0:11:55]} 30. Rad1 {[%clk 0:10:53]} Rg7
{[%clk 0:09:23]} 31. Nc1 {[%clk 0:05:49]} Nf8 {[%clk 0:08:37]} 32. Ne2
{[%clk 0:03:50]} Ng6 {[%clk 0:08:01]} 33. Ng1 {[%clk 0:03:37]} Ne7
{[%clk 0:07:44]} 34. Nf3 {[%clk 0:02:46]} Nf5 {[%clk 0:06:55]} 35. dxe5 Nxg3
{[%clk 0:07:02]} 36. fxg3 {[%clk 0:02:55]} Rxg3 {[%clk 0:06:46]} 37. e4
{[%clk 0:01:28]} fxe5 {[%clk 0:04:31]} 38. Rd3 {[%clk 0:00:51]} d4+
{[%clk 0:04:03]} 39. Kb3 {[%clk 0:01:02]} Rxg2 {[%clk 0:04:05]} 40. Nh4
{[%clk 0:01:29]} Rf2 {[%clk 0:03:44]} 41. Rg1+ {[%clk 0:01:30]} Kf7
{[%clk 0:03:26]} 42. Rdg3 {[%clk 0:00:48]} Ref6 {[%clk 0:02:18]} 43. Nf5
{[%clk 0:00:43]} Bf8 {[%clk 0:01:47]} 44. Rg8 {[%clk 0:00:40]} R6xf5
{[%clk 0:01:51]} 45. exf5 {[%clk 0:00:59]} e4 {[%clk 0:02:01]} 46. R8g4
{[%clk 0:00:44]} Re2 {[%clk 0:02:00]} 47. Kc4 {[%clk 0:00:58]} d3
{[%clk 0:02:07]} 48. Kd4 {[%clk 0:00:51]} Rxb2 {[%clk 0:01:43]} 49. Rxe4
{[%clk 0:01:09]} Rxb4+ {[%clk 0:01:51]} 50. Kxd3 {[%clk 0:01:35]} Rb3+
{[%clk 0:01:58]} 51. Kc4 {[%clk 0:01:43]} Rb5 {[%clk 0:01:20]} 52. Re5
{[%clk 0:01:01]} Kf6 {[%clk 0:01:11]} 53. Rge1 {[%clk 0:01:08]} a5
{[%clk 0:01:32]} 54. Re6+ {[%clk 0:01:00]} Kxf5 {[%clk 0:01:50]} 55. R1e5+
{[%clk 0:01:16]} Kf4 {[%clk 0:02:16]} 56. Re4+ {[%clk 0:01:13]} Kg3
{[%clk 0:02:20]} 57. Re3+ {[%clk 0:01:01]} Kh4 {[%clk 0:02:06]} 58. R3e4+
{[%clk 0:01:17]} Kg3 {[%clk 0:02:32]} 59. Re3+ {[%clk 0:00:55]} Kh4
{[%clk 0:02:58]} 60. R3e4+ Kg3 61. Rg4+ Kxh3 62. Rg5 Rb4+ 63. Kc3 0-1

[Event "Moscow Open 2018 F"]
[Site "?"]
[Date "2018.01.28"]
[Round "3.16"]
[White "Burnazov, Lev"]
[Black "Fotin, Vladimir"]
[Result "1-0"]
[BlackElo "2315"]
[WhiteElo "1933"]
[LiveChessVersion "1.4.8"]

1. e4 e5 {[%clk 1:13:08]} 2. Nf3 {[%clk 1:30:39]} Nc6 {[%clk 1:13:27]} 3. Bc4
{[%clk 1:30:55]} d6 {[%clk 1:13:39]} 4. d4 {[%clk 1:27:52]} Bg4 {[%clk 1:13:52]}
5. h3 {[%clk 1:22:25]} Bxf3 {[%clk 1:13:18]} 6. Qxf3 {[%clk 1:22:50]} Nf6
{[%clk 1:13:41]} 7. d5 {[%clk 1:21:59]} Nb8 {[%clk 1:13:38]} 8. Nc3
{[%clk 1:17:30]} Nbd7 {[%clk 1:13:50]} 9. a4 {[%clk 1:15:40]} Be7
{[%clk 1:13:48]} 10. a5 {[%clk 1:12:27]} a6 {[%clk 1:14:11]} 11. Ne2
{[%clk 0:54:27]} O-O {[%clk 1:08:06]} 12. g4 {[%clk 0:53:34]} Nc5
{[%clk 0:56:18]} 13. Ng3 {[%clk 0:48:50]} Ne8 {[%clk 0:56:18]} 14. b4
{[%clk 0:47:56]} Nd7 {[%clk 0:56:22]} 15. h4 {[%clk 0:39:45]} g6 {[%clk 0:56:18]}
16. Bh6 {[%clk 0:36:37]} Bxh4 {[%clk 0:52:42]} 17. Ke2 {[%clk 0:20:39]} Bg5
{[%clk 0:48:41]} 18. Bxf8 {[%clk 0:11:30]} Nxf8 {[%clk 0:48:59]} 19. Nf1
{[%clk 0:05:34]} Nf6 {[%clk 0:47:49]} 20. Ne3 {[%clk 0:05:38]} Kg7
{[%clk 0:46:14]} 21. Bd3 {[%clk 0:05:20]} Qc8 {[%clk 0:45:03]} 22. Rhg1
{[%clk 0:04:51]} c6 {[%clk 0:38:57]} 23. Nc4 {[%clk 0:04:37]} cxd5
{[%clk 0:39:13]} 24. Nb6 {[%clk 0:03:55]} Qc3 {[%clk 0:39:19]} 25. exd5
{[%clk 0:01:47]} Re8 {[%clk 0:39:00]} 26. Be4 {[%clk 0:01:21]} Qxb4
{[%clk 0:36:52]} 27. Ra4 {[%clk 0:01:42]} Qd2+ {[%clk 0:22:51]} 28. Kf1
{[%clk 0:02:10]} N8d7 {[%clk 0:23:11]} 29. Nc4 {[%clk 0:01:02]} Qd4
{[%clk 0:23:19]} 30. Nb6 {[%clk 0:01:20]} Qc5 {[%clk 0:23:32]} 31. Nxd7
{[%clk 0:00:50]} Qb5+ {[%clk 0:22:17]} 32. Kg2 {[%clk 0:00:51]} Qxa4
{[%clk 0:22:22]} 33. Nxf6 {[%clk 0:01:15]} Bxf6 {[%clk 0:22:46]} 34. Rh1
{[%clk 0:01:23]} h6 {[%clk 0:21:19]} 35. Rb1 {[%clk 0:01:01]} Re7
{[%clk 0:21:23]} 36. Rb6 {[%clk 0:01:12]} Rd7 {[%clk 0:21:45]} 37. Rb3
{[%clk 0:00:44]} Qxa5 {[%clk 0:22:00]} 38. Qd3 {[%clk 0:00:46]} Rc7
{[%clk 0:22:02]} 39. Ra3 {[%clk 0:00:41]} Qc5 {[%clk 0:22:05]} 40. Qf3
{[%clk 0:00:43]} Bg5 {[%clk 0:21:13]} 41. Bd3 {[%clk 0:00:41]} Qxa3
{[%clk 0:21:31]} 1-0

[Event "Moscow Open 2018 F"]
[Site "?"]
[Date "2018.01.29"]
[Round "4.1"]
[White "Paravyan, David"]
[Black "Ivlev, Aleksey"]
[Result "1/2-1/2"]
[BlackElo "2300"]
[WhiteElo "2603"]
[LiveChessVersion "1.4.8"]

1. e4 {[%clk 1:22:58]} e5 {[%clk 1:30:55]} 2. Nf3 {[%clk 1:23:25]} Nc6
{[%clk 1:31:23]} 3. d4 {[%clk 1:23:51]} exd4 {[%clk 1:31:45]} 4. Nxd4
{[%clk 1:24:19]} Nf6 {[%clk 1:32:10]} 5. Nxc6 {[%clk 1:24:47]} bxc6
{[%clk 1:32:34]} 6. e5 {[%clk 1:25:16]} Qe7 {[%clk 1:32:58]} 7. Qe2
{[%clk 1:25:43]} Nd5 {[%clk 1:33:23]} 8. c4 {[%clk 1:26:11]} Ba6 {[%clk 1:33:48]}
9. b3 {[%clk 1:26:38]} O-O-O {[%clk 1:29:32]} 10. g3 {[%clk 1:23:21]} g5
{[%clk 1:29:24]} 11. Ba3 {[%clk 1:20:20]} Qxa3 {[%clk 1:28:37]} 12. Nxa3
{[%clk 1:20:43]} Bb4+ {[%clk 1:29:03]} 13. Qd2 {[%clk 1:21:04]} Bxd2+
{[%clk 1:29:10]} 14. Kxd2 {[%clk 1:21:30]} Ne7 {[%clk 1:29:20]} 15. h4
{[%clk 1:17:00]} h6 {[%clk 1:26:27]} 16. Re1 {[%clk 1:15:25]} Rde8
{[%clk 1:24:07]} 17. Bd3 {[%clk 1:14:03]} c5 {[%clk 1:23:56]} 18. f4
{[%clk 0:56:06]} Bb7 {[%clk 1:19:47]} 19. Rhg1 {[%clk 0:55:46]} Nc6
{[%clk 1:16:37]} 20. Nc2 {[%clk 0:55:42]} Rhg8 {[%clk 1:16:10]} 21. Be4
{[%clk 0:52:38]} Ne7 {[%clk 1:13:58]} 22. Bh7 {[%clk 0:42:47]} Rg7
{[%clk 1:13:07]} 23. Bd3 {[%clk 0:43:13]} Nc6 {[%clk 1:05:51]} 24. hxg5
{[%clk 0:24:54]} hxg5 {[%clk 1:06:05]} 25. Kc3 {[%clk 0:25:00]} Reg8
{[%clk 1:04:27]} 26. Rgf1 {[%clk 0:09:09]} gxf4 {[%clk 1:04:29]} 27. gxf4
{[%clk 0:09:37]} Rg3 {[%clk 1:04:38]} 28. a3 {[%clk 0:09:59]} Rh8
{[%clk 1:04:01]} 29. Rg1 {[%clk 0:08:44]} Rhh3 {[%clk 1:04:03]} 30. Rxg3
{[%clk 0:09:02]} Rxg3 {[%clk 1:04:32]} 31. b4 {[%clk 0:08:59]} cxb4+
{[%clk 0:58:30]} 32. axb4 {[%clk 0:09:25]} Ne7 {[%clk 0:58:09]} 33. Re3
{[%clk 0:04:17]} Rxe3 {[%clk 0:58:26]} 34. Nxe3 {[%clk 0:04:45]} d6
{[%clk 0:58:43]} 35. Ng4 {[%clk 0:02:18]} Bf3 {[%clk 0:58:37]} 36. exd6
{[%clk 0:01:34]} cxd6 {[%clk 0:57:03]} 37. Nf6 {[%clk 0:01:34]} Kd8
{[%clk 0:56:30]} 38. b5 {[%clk 0:01:45]} Bb7 {[%clk 0:55:00]} 39. Kb4
{[%clk 0:00:32]} Ng6 {[%clk 0:54:12]} 40. Bxg6 {[%clk 0:00:34]} fxg6
{[%clk 0:54:41]} 41. Ng4 {[%clk 0:00:32]} Ke7 {[%clk 0:54:54]} 42. Ne3
{[%clk 0:00:43]} Kf6 {[%clk 0:54:53]} 43. Ka5 {[%clk 0:00:34]} Ke6
{[%clk 0:54:54]} 44. Ka4 {[%clk 0:00:46]} Ba8 {[%clk 0:54:28]} 45. Kb4
{[%clk 0:01:11]} Bf3 {[%clk 0:54:43]} 46. Kc3 {[%clk 0:01:08]} Ba8
{[%clk 0:55:04]} 47. Kd3 {[%clk 0:01:25]} Bf3 {[%clk 0:55:20]} 48. Nc2
{[%clk 0:01:41]} Bb7 {[%clk 0:54:47]} 49. Nd4+ {[%clk 0:01:55]} Kd7
{[%clk 0:54:34]} 50. Kc3 {[%clk 0:02:21]} Be4 {[%clk 0:53:43]} 51. Kb4
{[%clk 0:02:38]} Kc7 {[%clk 0:53:28]} 52. Ne6+ {[%clk 0:03:04]} Kb6
{[%clk 0:53:01]} 53. Ng7 {[%clk 0:03:29]} a5+ {[%clk 0:52:22]} 54. bxa6
{[%clk 0:03:17]} Bc6 {[%clk 0:51:45]} 55. Ne6 {[%clk 0:01:32]} Kxa6
{[%clk 0:52:03]} 56. c5 {[%clk 0:01:37]} dxc5+ {[%clk 0:52:03]} 57. Kxc5
{[%clk 0:02:03]} Be4 {[%clk 0:51:08]} 58. Kd6 {[%clk 0:02:29]} Kb5
{[%clk 0:51:13]} 59. Ke5 {[%clk 0:02:55]} Bb1 {[%clk 0:51:36]} 60. Kf6
{[%clk 0:03:20]} Kc4 {[%clk 0:51:49]} 61. Nf8 {[%clk 0:03:47]} Kd4
{[%clk 0:52:08]} 62. Nxg6 {[%clk 0:04:14]} Ke3 {[%clk 0:52:33]} 63. f5
{[%clk 0:04:41]} Bxf5 {[%clk 0:52:58]} 64. Kxf5 Kd4 1/2-1/2

[Event "Moscow Open 2018 F"]
[Site "?"]
[Date "2018.01.29"]
[Round "4.2"]
[White "Kozionov, Kirill"]
[Black "Aleksandrovskiy, Dmitriy"]
[Result "1-0"]
[BlackElo "2239"]
[WhiteElo "2423"]
[LiveChessVersion "1.4.8"]

1. e4 d5 2. exd5 Qxd5 3. Nc3 Qd8 4. d4 Nf6 5. Nf3 e6 6. Bc4 Be7 7. O-O O-O 8. Re1
Nbd7 9. Qe2 Nb6 10. Bb3 c6 11. Ne4 a5 12. c4 Re8 13. Bc2 Nbd7 14. Neg5 Bb4 15.
Rd1 h6 16. Nh3 Bf8 17. Ne5 Qe7 18. Rd3 c5 19. Rg3 cxd4 20. Bxh6 Nxe5 21. Qxe5 g6
22. Bxf8 Rxf8 23. Nf4 Nd7 24. Nxg6 Nxe5 25. Nxe7+ Kh8 26. Re1 1-0

[Event "Moscow Open 2018 F"]
[Site "?"]
[Date "2018.01.29"]
[Round "4.3"]
[White "Derevianchenko, Ilia"]
[Black "Mokshanov, Alexey"]
[Result "0-1"]
[BlackElo "2415"]
[WhiteElo "2282"]
[LiveChessVersion "1.4.8"]

1. e4 {[%clk 1:27:59]} e6 {[%clk 1:30:55]} 2. d4 {[%clk 1:28:25]} d5
{[%clk 1:31:22]} 3. Nd2 {[%clk 1:28:22]} c5 {[%clk 1:31:36]} 4. dxc5
{[%clk 1:28:25]} Nf6 {[%clk 1:29:21]} 5. exd5 {[%clk 1:27:16]} Qxd5
{[%clk 1:29:23]} 6. Nb3 {[%clk 1:26:11]} Qxd1+ {[%clk 1:26:47]} 7. Kxd1
{[%clk 1:25:17]} Be7 {[%clk 1:27:03]} 8. Nf3 {[%clk 1:15:04]} O-O
{[%clk 1:26:25]} 9. Bd3 {[%clk 1:14:02]} Bd7 {[%clk 1:18:34]} 10. Bg5
{[%clk 0:53:28]} Bc6 {[%clk 1:14:28]} 11. Ne5 {[%clk 0:43:02]} Bxg2
{[%clk 1:07:19]} 12. Rg1 {[%clk 0:43:19]} Bc6 {[%clk 1:07:28]} 13. Na5
{[%clk 0:39:46]} Nd5 14. c4 Bxg5 {[%clk 0:57:11]} 15. Nexc6 {[%clk 0:26:23]} Nxc6
{[%clk 0:55:16]} 16. Nxc6 {[%clk 0:26:21]} Nf4 {[%clk 0:46:55]} 17. Rxg5
{[%clk 0:24:57]} Nxd3 {[%clk 0:46:13]} 18. Kc2 {[%clk 0:14:39]} f6
{[%clk 0:42:45]} 19. Rg2 {[%clk 0:13:34]} Nxc5 {[%clk 0:40:00]} 20. Nd4
{[%clk 0:13:44]} Rad8 {[%clk 0:34:51]} 21. Rd1 {[%clk 0:13:22]} Rf7
{[%clk 0:32:49]} 22. Nb5 {[%clk 0:09:58]} Rxd1 {[%clk 0:32:42]} 23. Kxd1
{[%clk 0:10:27]} a6 {[%clk 0:31:33]} 24. Nc3 {[%clk 0:10:00]} Rd7+
{[%clk 0:27:50]} 25. Kc2 {[%clk 0:09:10]} Nd3 {[%clk 0:27:40]} 26. Kb3
{[%clk 0:09:38]} Rd4 {[%clk 0:27:56]} 27. Ne4 {[%clk 0:03:46]} Rxe4
{[%clk 0:26:39]} 28. f3 {[%clk 0:03:39]} 0-1

[Event "Moscow Open 2018 F"]
[Site "?"]
[Date "2018.01.29"]
[Round "4.4"]
[White "Thing, Bibek"]
[Black "Chernyavsky, Alexander"]
[Result "1-0"]
[BlackElo "2326"]
[WhiteElo "2252"]
[LiveChessVersion "1.4.8"]

1. e4 c5 2. Nf3 g6 3. c3 Bg7 4. Bc4 d6 5. d4 cxd4 6. cxd4 Nf6 7. Nc3 O-O 8. O-O
Nxe4 9. Nxe4 d5 10. Bd3 dxe4 11. Bxe4 Nd7 12. Bg5 h6 13. Bh4 Nb6 14. Bc2 Bg4 15.
h3 Bxf3 16. Qxf3 Qd7 17. Be4 Rad8 18. Rad1 f5 19. Bc2 Bf6 20. Bg3 Kg7 21. Rfe1
Qd5 22. Qa3 Nc4 23. Qxa7 Bxd4 24. Rxe7+ Rf7 25. Rxf7+ Kxf7 26. Qa4 Nxb2 27. Qb4
Kf6 28. Bb3 Qe4 29. Rxd4 Rxd4 30. Qf8+ Kg5 31. f4+ Kh5 32. Qf6 Qe3+ 33. Bf2 Qc1+
34. Kh2 Qxf4+ 35. Kg1 Rd2 36. Kh2 1-0

[Event "Moscow Open 2018 F"]
[Site "?"]
[Date "2018.01.29"]
[Round "4.5"]
[White "Klimov, Ivan"]
[Black "Zakhartsov, Vladimir"]
[Result "0-1"]
[BlackElo "2472"]
[WhiteElo "2104"]
[LiveChessVersion "1.4.8"]

1. e4 c5 {[%clk 1:27:33]} 2. Nf3 {[%clk 1:30:51]} d6 {[%clk 1:27:44]} 3. d4
{[%clk 1:31:07]} Nf6 {[%clk 1:28:10]} 4. Nc3 {[%clk 1:31:17]} cxd4
{[%clk 1:28:36]} 5. Nxd4 {[%clk 1:31:34]} a6 {[%clk 1:28:58]} 6. h3
{[%clk 1:31:53]} g6 {[%clk 1:29:06]} 7. g4 {[%clk 1:29:25]} Bg7 {[%clk 1:28:40]}
8. Bg2 {[%clk 1:29:43]} Bd7 {[%clk 1:27:22]} 9. Be3 {[%clk 1:15:27]} Nc6
{[%clk 1:27:44]} 10. Qd2 {[%clk 1:10:55]} Ne5 {[%clk 1:27:32]} 11. g5
{[%clk 1:08:13]} Nh5 {[%clk 1:27:19]} 12. b3 {[%clk 1:07:29]} Rc8
{[%clk 1:27:17]} 13. Rd1 {[%clk 1:02:57]} Nc6 {[%clk 1:23:27]} 14. Nce2
{[%clk 0:58:28]} Nxd4 {[%clk 1:20:46]} 15. Bxd4 {[%clk 0:58:37]} Bxd4
{[%clk 1:20:03]} 16. Qxd4 {[%clk 0:56:53]} O-O {[%clk 1:19:50]} 17. Qd2
{[%clk 0:52:58]} Rc5 {[%clk 1:19:55]} 18. O-O {[%clk 0:51:58]} Qc8
{[%clk 1:20:10]} 19. Qe3 {[%clk 0:51:42]} Rxc2 {[%clk 1:19:29]} 20. Rc1
{[%clk 0:51:47]} Rxc1 {[%clk 1:19:18]} 21. Rxc1 {[%clk 0:52:15]} Qb8
{[%clk 1:19:35]} 22. Nc3 {[%clk 0:50:45]} Rc8 {[%clk 1:18:53]} 23. Nd5
{[%clk 0:51:04]} Rxc1+ {[%clk 1:19:12]} 24. Qxc1 {[%clk 0:51:30]} Qd8
{[%clk 1:19:33]} 25. h4 {[%clk 0:49:38]} e6 {[%clk 1:19:19]} 26. Ne3
{[%clk 0:50:04]} e5 {[%clk 1:17:36]} 27. Qd2 {[%clk 0:44:49]} Be6
{[%clk 1:16:43]} 28. Bf3 {[%clk 0:43:54]} Nf4 {[%clk 1:17:05]} 29. Ng2
{[%clk 0:42:15]} Nxg2 {[%clk 1:16:34]} 30. Kxg2 {[%clk 0:42:33]} Qc7
{[%clk 1:14:18]} 31. Qd1 {[%clk 0:39:33]} Qd7 {[%clk 1:12:46]} 32. Qd2
{[%clk 0:38:55]} Kg7 {[%clk 1:10:53]} 33. Kg3 {[%clk 0:39:15]} Qc6
{[%clk 1:10:47]} 34. Qd3 {[%clk 0:38:40]} Qc1 {[%clk 0:58:24]} 35. Qxd6
{[%clk 0:32:46]} Qf4+ {[%clk 0:58:46]} 36. Kg2 {[%clk 0:32:58]} h6
{[%clk 0:58:50]} 37. gxh6+ {[%clk 0:24:25]} Kxh6 {[%clk 0:58:59]} 38. Qb8
{[%clk 0:24:30]} Kh7 {[%clk 0:55:58]} 39. Qxb7 {[%clk 0:23:25]} Qxh4
{[%clk 0:55:26]} 40. Kf1 {[%clk 0:23:39]} Qf4 {[%clk 0:55:37]} 41. Ke2
{[%clk 0:20:21]} Qc1 {[%clk 0:55:50]} 42. Kd3 {[%clk 0:18:14]} Qb1+
{[%clk 0:54:49]} 43. Kc3 {[%clk 0:18:26]} Qe1+ {[%clk 0:54:50]} 44. Kd3
{[%clk 0:18:12]} Qxf2 {[%clk 0:54:48]} 45. Be2 {[%clk 0:18:25]} a5
{[%clk 0:55:06]} 46. a3 {[%clk 0:15:46]} Qd4+ {[%clk 0:54:23]} 47. Kc2
{[%clk 0:16:07]} Qc5+ {[%clk 0:54:48]} 48. Kb1 {[%clk 0:12:51]} Qxa3
{[%clk 0:54:33]} 49. Bc4 {[%clk 0:13:13]} Qb4 {[%clk 0:54:21]} 50. Qc7
{[%clk 0:11:08]} Bxc4 {[%clk 0:54:39]} 51. Qxc4 {[%clk 0:11:19]} Qxc4
{[%clk 0:54:59]} 52. bxc4 {[%clk 0:11:48]} Kg7 {[%clk 0:55:25]} 0-1